Statistics for Stranger Things Cast

Click here to take the quiz!

General Stats

  • This quiz has been taken 46 times
  • The average score is 24 of 36

Answer Stats

HintAnswer% Correct
Millie Bobby Brown
Eleven
100%
Gaten MatarazzoDustin
97%
Sadie SinkMax
97%
Finn WolfhardMike
97%
Natalia DyerNancy
97%
Joe KeerySteve
97%
Noah SchnappWill
97%
David HarbourHopper
92%
Caleb McLaughlinLucas
92%
Maya HawkeRobin
92%
Winona RyderJoyce
90%
Joseph QuinnEddie
87%
Charlie HeatonJonathan
87%
Jamie Campbell BowerVecna
87%
Priah FergusonErica
85%
Dacre MontgomeryBilly
82%
Sean AstinBob
82%
Brett GelmanMurray
77%
Cara BuonoKaren
72%
Shannon PurserBarbara
69%
Matthew ModineDr. Brenner
69%
Gabriella PizzoloSuzie
69%
Grace Van DeinChrissy
67%
Eduardo FrancoArgyle
64%
Alec UtgoffAlexei
59%
Paul ReiserDr. Owens
51%
Joe ChrestTed
51%
Amybeth McNultyVickie
49%
Randy HavensMr. Clarke
31%
Aimee MullinsTerry
26%
Logan Riley BrunerFred
23%
Matthew CardaropleKeith
23%
Amy SiemetzBecky
21%
Regina Ting ChinMs. Kelly
15%
John Paul ReynoldsO. Callahan
5%
Rob MorganO. Powell
5%

Score Distribution

Percentile by Number Answered

Percent of People with Each Score

Your Score History

You have not taken this quiz